000 00836nam a2200205Ia 4500
003 OSt
005 20210420123706.0
008 210310s1985 ck gr 100 0 spa d
040 _aCO-JMCR
_cCO-JMCR
041 0 _aspa
082 0 4 _a343.06 /
_bJ828j
_223
111 2 _aJornadas Latinoamericanas de Derecho Tributario
_n(12a :
_d1985 :
_cBogotá)
_937001
245 1 0 _aXII Jornadas Latinoamericanas de Derecho Tributario :
_bmemoria
260 _aBogotá :
_bInstituto Latinoamericano de Derecho Tributario,
_c1985
300 _b3 volúmenes ;
_c24 cm.
505 0 _gv.1-2.
_tPonencias nacionales
_gv.3.
_tPonencias generales - discusiones - conclusiones
610 2 4 _aInstituto Latinoamericano de Derecho Tributario
_xFines y objetivos
_937002
650 _aDerecho Tributario
_914878
_vCongresos
_y1985
_zAmérica Latina
942 _2ddc
_cBK
999 _c7591
_d7591